La semiotica in Italia : fondamenti teorici /

Guardat en:
Dades bibliogràfiques
Autor principal: Ponzio, Augusto (autor)
Format: Llibre
Idioma:italià
Publicat: Bari, Italia : Dedalo Libri, 1976, c1976
Col·lecció:(La Scienza Nuova ; 37)
Matèries:
Etiquetes: Afegir etiqueta
Sense etiquetes, Sigues el primer a etiquetar aquest registre!

MARC

LEADER 00000nam^a2200000^a^4500
001 000183520
005 20250521000000.0
009 20260310102044.634
037 |a Acervo ITESO - Biblioteca 
041 |a ITA 
082 |a 410. 3  |b PON 
100 |a Ponzio, Augusto  |e (autor) 
245 1 3 |a La semiotica in Italia :  |b fondamenti teorici /  |c A. Ponzio. 
264 4 |a Bari, Italia :  |b Dedalo Libri,  |c 1976, c1976 
300 |a 538 p. 
336 |a texto  |b txt  |2 rdacontenido 
337 |a sin mediación  |b n  |2 rdamedio 
338 |a volumen  |b nc  |2 rdasoporte 
440 4 |a (La Scienza Nuova ;  |v 37) 
649 |a XX 
650 |a Significado 
650 |a Significante 
650 |a Signo 
650 |a Señales y Transmisión de Señales 
650 |a Comunicación Verbal 
650 |a Semiótica -  |z Italia 
650 |a Lingüística -  |z Italia 
910 |a Fondo General 
920 |a Impresos - Libros 
930 |a Colección General 
905 |a 101 
901 |a 0500124075  |b IT1  |c ACC  |u 20250521 
902 |a https://opac.biblio.iteso.mx/vufind/Record/000183520